书目信息 |
| 题名: |
南宋史学史
|
|
| 作者: | 罗炳良 著 | |
| 分册: | ||
| 出版信息: | 北京 人民出版社 2008 |
|
| 页数: | 40,396页 | |
| 开本: | 24cm | |
| 丛书名: | 淅江文化研究工程成果文库 | |
| 单 册: | ||
| 中图分类: | K092.442 | |
| 科图分类: | ||
| 主题词: | 史学史--中国--南宋 , 史学史 | |
| 电子资源: | ||
| ISBN: | 978-7-01-006773-5 | |
| 000 | 00937oam2 2200265 45 | |
| 001 | 1033004765 | |
| 005 | 20100409101804.45 | |
| 010 | @a978-7-01-006773-5@dCNY60.00 | |
| 100 | @a20100331d2008 ekmy0chiy0120 ea | |
| 101 | 0 | @achi |
| 102 | @aCN@b110000 | |
| 105 | @ay z 000yy | |
| 106 | @ar | |
| 200 | 1 | @a南宋史学史@ANan Song Shi Xue Shi@f罗炳良著@FLuo Bing Liang Zhu |
| 210 | @a北京@c人民出版社@d2008 | |
| 215 | @a40,396页@d24cm | |
| 225 | 2 | @a淅江文化研究工程成果文库@i南宋史研究丛书 |
| 330 | @a本书内容包括:导论、南宋史官制度、南宋修史机构、南宋撰修前代史的成就、南宋撰修当代史的繁荣、南宋专门史撰述的创获、南宋地方志和边疆域外史的建树、南宋历史考证学的发展等。 | |
| 461 | 0 | @12001 @a淅江文化研究工程成果文库@i南宋史研究丛书 |
| 606 | 0 | @a史学史@y中国@z南宋 |
| 606 | 0 | @a史学史 |
| 690 | @aK092.442@v4 | |
| 701 | 0 | @a罗炳良@ALuo Bing Liang@4著 |
| 801 | 0 | @aCN@bTANGWEI@c20100409 |
| 905 | @b0587395-99@dK092.442@e57@f5 | |
| 南宋史学史/罗炳良著.-北京:人民出版社,2008 |
| 40,396页;24cm.-(淅江文化研究工程成果文库.南宋史研究丛书) |
| ISBN 978-7-01-006773-5:CNY60.00 |
| 本书内容包括:导论、南宋史官制度、南宋修史机构、南宋撰修前代史的成就、南宋撰修当代史的繁荣、南宋专门史撰述的创获、南宋地方志和边疆域外史的建树、南宋历史考证学的发展等。 |
| ● |
| 相关链接 |
|
|
|
|
正题名:南宋史学史
索取号:K092.442/57
 
预约/预借
| 序号 | 登录号 | 条形码 | 馆藏地/架位号 | 状态 | 备注 |
| 1 | 0587395 | 205873955 | 第二样本阅览室/ [索取号:K092.442/57] | 在馆 | |
| 2 | 0587396 | 205873964 | 第二借阅区/ [索取号:K092.442/57] | 在馆 | |
| 3 | 0587397 | 205873973 | 第二借阅区/ [索取号:K092.442/57] | 在馆 | |
| 4 | 0587398 | 205873982 | 第二借阅区/ [索取号:K092.442/57] | 在馆 | |
| 5 | 0587399 | 205873991 | 第二借阅区/ [索取号:K092.442/57] | 在馆 |